00624cam a22001932 4500001001100000005001700011008004100028020001700069040001500086100003100101245006300132250001300195260002700208300001900235650006200254650006000316650005100376852000300427000002360720151217145942.0130311s xx 000 0 eng d a1841138114 : aKABUcKABU1 aStanley, Paul.@000018312414aThe Law of confidentiality :ba statement /cPaul Stanley. a1st ed. aOxford :bHart,c2008. axxvii, 169 p. 0aSecrecyxLaws and legislationzGreat Britain.@0000183125 0aConfidential communicationszGreat Britain.@0000183126 0aPrivacy, Right of.zGreat Britain.@00001831271